LEADER 01067nam1-2200361---450- 001 990000715480203316 005 20060619085325.0 035 $a0071548 035 $aUSA010071548 035 $a(ALEPH)000071548USA01 035 $a0071548 100 $a20011102g19..----km-y0itay50------ba 101 $aita 102 $aIT 105 $ay|||z|||001yy 200 1 $aAlle radici della casa comune europea 210 $aMilano$cVita e pensiero ; [poi] Roma : L'Erma di Bretschneider$d19..- 215 $av.$d24 cm 606 0 $aFederalismo$xStoria$xAntichità 607 0 $aEuropa$xAntichità 676 $a936 801 0$aIT$bsalbc$gISBD 912 $a990000715480203316 951 $aVIII A Coll.$bG.$cVIII A Coll. 959 $aBK 969 $aUMA 979 $aPAOLA$b40$c20011102$lUSA01$h1151 979 $aPAOLA$b40$c20011102$lUSA01$h1155 979 $c20020403$lUSA01$h1720 979 $aPATRY$b90$c20040406$lUSA01$h1649 979 $aANNAMARIA$b90$c20060619$lUSA01$h0853 996 $aAlle radici della casa comune europea$9962994 997 $aUNISA